000 00479nam a2200121Ia 4500
008 171212s9999 xx 000 0 und d
020 _a9780833027870
100 _aGerwehr, Scott;Glenn, Russell W.;Johnson, Dana J.;Flanagan, Ann
245 _cGerwehr, Scott;Glenn, Russell W.;Johnson, Dana J.;Flanagan, Ann
_aThe Art of Darkness
_bDeception and Urban Operations
260 _bRAND Corporation
_c2000
650 _aPolitical Science
856 _uwww.jstor.org/stable/10.7249/mr1132a
999 _c352614
_d352614